书目信息 |
| 题名: |
《现代心理与教育统计学》学习指导
|
|
| 作者: | 徐建平, , 张厚粲, 主编 | |
| 分册: | ||
| 出版信息: | 北京 北京师范大学出版社 2019 |
|
| 页数: | 274页 | |
| 开本: | 23cm | |
| 丛书名: | 新世纪高等学校教材 | |
| 单 册: | ||
| 中图分类: | B841.2 , G40-051 | |
| 科图分类: | ||
| 主题词: | 心理统计--高等学校--学习参考资料--xin li tong ji , 教育统计--高等学校--学习参考资料--jiao yu tong ji | |
| 电子资源: | ||
| ISBN: | 978-7-303-12901-0 | |
| 000 | 01117nam 2200289 45 | |
| 001 | 012001003127 | |
| 005 | 20130125100509.0 | |
| 010 | @a978-7-303-12901-0@dCNY32.00 | |
| 099 | @aCAL 012011303664 | |
| 100 | @a20110913d2011 km y0chiy50 ea | |
| 101 | 0 | @achi |
| 102 | @aCN@b110000 | |
| 105 | @aak z 000yy | |
| 106 | @ar | |
| 200 | 1 | @a《现代心理与教育统计学》学习指导@A《 xian dai xin li yu jiao yu tong ji xue 》 xue xi zhi dao@f徐建平, 张厚粲主编 |
| 210 | @a北京@c北京师范大学出版社@d2019 | |
| 215 | @a274页@c图@d23cm | |
| 225 | 2 | @a新世纪高等学校教材@Axin shi ji gao deng xue xiao jiao cai@i心理学基础课系列教材 |
| 410 | 0 | @12001@a新世纪高等学校教材@i心理学基础课系列教材 |
| 606 | 0 | @a心理统计@x高等学校@j学习参考资料@Axin li tong ji |
| 606 | 0 | @a教育统计@x高等学校@j学习参考资料@Ajiao yu tong ji |
| 690 | @aB841.2@v4 | |
| 690 | @aG40-051@v4 | |
| 701 | 0 | @a徐建平,@AXujianping@f1967-@4主编@3CAL n2009003207#@7jt0yjt0y@7ec0yec0y |
| 701 | 0 | @a张厚粲,@AZhang Houcan@f1927-@4主编@3CAL n2004454041#@7jt0yjt0y@7ec0yec0y |
| 801 | 2 | @aCN@b江苏凤凰@c20191020 |
| 905 | @b1217251-4@dB841.2@e3144@f4 | |
| 《现代心理与教育统计学》学习指导/徐建平, 张厚粲主编.-北京:北京师范大学出版社,2019 |
| 274页:图;23cm.-(新世纪高等学校教材.心理学基础课系列教材) |
| ISBN 978-7-303-12901-0:CNY32.00 |
| ● |
| 相关链接 |
|
|
|
|
正题名:《现代心理与教育统计学》学习指导
索取号:B841.2/3144
 
预约/预借
| 序号 | 登录号 | 条形码 | 馆藏地/架位号 | 状态 | 备注 |
| 1 | 1217251 | 212172511 | 第一样本阅览室/ [索取号:B841.2/3144] | 在馆 | |
| 2 | 1217252 | 212172520 | 教育系资料室/ [索取号:B841.2/3144] | 在馆 | |
| 3 | 1217253 | 212172539 | 教育系资料室/ [索取号:B841.2/3144] | 在馆 | |
| 4 | 1217254 | 212172548 | 第一借阅区/ [索取号:B841.2/3144] | 在馆 |